Introduction to the law of torts and consumer protection (Record no. 295368)
[ view plain ]
| 000 -LEADER | |
|---|---|
| fixed length control field | 00520nam a2200205Ia 4500 |
| 003 - CONTROL NUMBER IDENTIFIER | |
| control field | OSt |
| 005 - DATE AND TIME OF LATEST TRANSACTION | |
| control field | 20240926133622.0 |
| 008 - FIXED-LENGTH DATA ELEMENTS--GENERAL INFORMATION | |
| fixed length control field | 240126s9999 xx 000 0 und d |
| 020 ## - INTERNATIONAL STANDARD BOOK NUMBER | |
| International Standard Book Number | 9789389991192 |
| 040 ## - CATALOGING SOURCE | |
| Transcribing agency | 0 |
| 041 ## - LANGUAGE CODE | |
| Language code of text/sound track or separate title | English |
| 082 ## - DEWEY DECIMAL CLASSIFICATION NUMBER | |
| Classification number | 346.03 SIN;13 R |
| 100 ## - MAIN ENTRY--PERSONAL NAME | |
| Personal name | Singh, Avtar. Kaur, Harpreet. |
| 245 #0 - TITLE STATEMENT | |
| Title | Introduction to the law of torts and consumer protection |
| 250 ## - EDITION STATEMENT | |
| Edition statement | 4rd ed. |
| 260 ## - PUBLICATION, DISTRIBUTION, ETC. | |
| Name of publisher, distributor, etc. | Eastern Book Company |
| Place of publication, distribution, etc. | Lucknow |
| 300 ## - PHYSICAL DESCRIPTION | |
| Extent | lxx, 366 |
| 440 ## - SERIES STATEMENT/ADDED ENTRY--TITLE | |
| Title | NULL |
| 942 ## - ADDED ENTRY ELEMENTS (KOHA) | |
| Koha item type | Law Books |
| Source of classification or shelving scheme | Dewey Decimal Classification |
| Date last seen | Total checkouts | Total renewals | Full call number | Accession number | Volume/Issue Number | Date last checked out | Cost, total (INR) price | Price effective from | Category | Lost status | Source of classification or shelving scheme | Damaged status | Department | Withdrawn status | Home library | Current library | Shelving location | Entry date | Vendor | Cost, normal purchase price | Grants | Billnumber | Currency symbol | Conversion rate | Discount |
|---|---|---|---|---|---|---|---|---|---|---|---|---|---|---|---|---|---|---|---|---|---|---|---|---|---|
| 17/12/2025 | 3 | 2 | 346.03 SIN;13 R | LL2679 | (12/07/1905) | 17/11/2025 | 540.00 | 26/01/2024 | Law Books | Dewey Decimal Classification | LAW | Law Library | Law Library | 09/03/2023 | MPP House | 675.00 | Law | 1837 | RS | 1 | 20 | ||||
| 17/12/2025 | 3 | 4 | 346.03 SIN;14 R1 | LL2680 | (12/07/1905) | 06/12/2025 | 540.00 | 26/01/2024 | Law Books | Dewey Decimal Classification | LAW | Law Library | Law Library | 09/03/2023 | MPP House | 675.00 | Law | 1837 | RS | 1 | 20 |
